[Event "26. Offene Hamburger SEM 2019 65+"]
[Site "Hamburg"]
[Date "2019.11.16"]
[Round "6.20"]
[White "Hofmeier, Arthur"]
[Black "Wilke, Wolfgang"]
[Result "0-1"]
[WhiteElo "1188"]
[BlackElo "1605"]
[PlyCount "54"]
[EventDate "2019.??.??"]
[WhiteTeam "Hamburger SK von 1830 eV"]
[BlackTeam "SV Grosshansdorf"]

{[%evp 0,54,16,28,28,31,12,18,41,20,53,53,60,-3,37,-33,10,-3,37,37,37,0,45,35,54,59,51,42,52,-23,-19,-50,-26,-133,-42,-53,-20,-86,-95,-98,-103,-80,-27,-67,-68,-62,-62,-193,-180,-1120,-1120,-1098,-1071,-1164,-1164,-2034,-2022]} 1. d4 d5 2. Nc3 Nf6 3. Nf3 g6 4. h3 Bg7 5. Bf4 c6 6. g4 Na6 7. Qd2 Nc7 8. Bh6 Ne6 9. Bxg7 Nxg7 10. Ne5 Bd7 11. f4 Qc7 12. Bg2 Be6 13. Bf3 O-O-O 14. h4 Nfe8 15. g5 Nd6 16. O-O-O Kb8 17. Kb1 Rhf8 18. Rhg1 f6 19. Nd3 Nc4 20. Qc1 Bf5 21. Ka1 Ne6 22. b3 Qa5 23. Na4 Nxd4 24. Ndb2 Nxc2+ 25. Qxc2 Bxc2 26. Nxc4 dxc4 27. Rc1 cxb3 0-1

[Event "26. Offene Hamburger SEM 2019 65+"]
[Site "Hamburg"]
[Date "2019.11.16"]
[Round "6.21"]
[White "Wang, Huanying"]
[Black "Thomann, Reinhard"]
[Result "0-1"]
[WhiteElo "967"]
[BlackElo "1050"]
[PlyCount "36"]
[EventDate "2019.??.??"]
[WhiteTeam "Niendorfer TSV 1919 SAbt"]
[BlackTeam "SchVgg Blankenese von 1923 eV"]

1. e4 e5 2. Nf3 Nf6 3. Bc4 Bc5 4. O-O d6 5. h3 Nc6 6. Re1 a6 7. d3 Nh5 8. Kh1 Bxf2 9. Qe2 Ng3+ 10. Kh2 Nxe2 11. Rxe2 Bc5 12. c3 g5 13. d4 b6 14. Bxg5 Qd7 15. Nbd2 Rg8 16. Bh4 Rg6 17. d5 Rxg2+ 18. Rxg2 Qxh3# 0-1

[Event "26. Offene Hamburger SEM 2019 65+"]
[Site "Hamburg"]
[Date "2019.11.16"]
[Round "6.22"]
[White "Springer, Wolfgang Wilhelm"]
[Black "Krueger, Dietrich"]
[Result "1-0"]
[WhiteElo "1245"]
[BlackElo "1042"]
[PlyCount "59"]
[EventDate "2019.??.??"]
[WhiteTeam "Hamburger SK von 1830 eV"]
[BlackTeam "Hamburger SK von 1830 eV"]

1. c4 Nf6 2. Nc3 d5 3. cxd5 Nxd5 4. e4 Nf6 5. d4 c6 6. Nf3 Bg4 7. Be2 h5 8. h3 Bd7 9. O-O e6 10. a3 Bd6 11. e5 Bxe5 12. dxe5 Nd5 13. Nxd5 exd5 14. Nd4 Qe7 15. Bxh5 Be6 16. Nxe6 Qxe6 17. Bg4 Qg6 18. Qf3 Na6 19. b4 Rd8 20. Bf5 Qh5 21. Qxh5 Rxh5 22. Bg4 Rxe5 23. Bb2 d4 24. Rfe1 Rxe1+ 25. Rxe1+ Kf8 26. Rd1 c5 27. bxc5 Nxc5 28. Bxd4 Nb3 29. Bxg7+ Kxg7 30. Rxd8 1-0

[Event "26. Offene Hamburger SEM 2019 65+"]
[Site "Hamburg"]
[Date "2019.11.17"]
[Round "7.1"]
[White "Emami, Madjid"]
[Black "Grimm, Uwe"]
[Result "1/2-1/2"]
[WhiteElo "1907"]
[BlackElo "2045"]
[PlyCount "112"]
[EventDate "2019.??.??"]
[WhiteTeam "Hamburger SK von 1830 eV"]
[BlackTeam "MTV Dannenberg"]

{[%evp 0,55,32,-15,60,27,63,66,66,66,41,44,51,46,57,45,51,-9,86,83,109,106,111,117,137,129,120,120,127,135,146,129,147,95,135,135,149,127,148,94,95,29,59,58,49,48,55,40,31,-18,-12,-19,-26,-51,-51,-84,-94,-124]} 1. g3 f5 2. Bg2 Nf6 3. Nf3 e6 4. O-O Be7 5. c4 O-O 6. Nc3 d5 7. d3 c6 8. Qc2 Bb4 9. a3 Bxc3 10. Qxc3 Nbd7 11. b4 Qe8 12. Bb2 Nb6 13. Qb3 Kh8 14. a4 Nbd7 15. Rac1 h6 16. c5 Kh7 17. Qc3 Rf7 18. b5 Re7 19. Qd4 e5 20. Qh4 Nf8 21. Qb4 Bd7 22. b6 a6 23. Qc3 Ng6 24. e3 e4 25. dxe4 fxe4 26. Nd2 Ne5 27. Rc2 Qh5 28. f3 exf3 29. Nxf3 Rae8 30. Nxe5 Rxe5 31. Qd2 Ne4 32. Bxe4+ Rxe4 33. Qc3 Qg6 34. Re2 d4 35. Qd2 Bg4 36. Ree1 dxe3 37. Qd3 Bf5 38. Qc3 Bh3 39. Rf3 e2 40. Rf2 Bf1 41. a5 Re3 42. Qd2 Rd3 43. Qf4 Re4 44. Qc7 Rb3 45. Bxg7 Qxg7 46. Rf7 Rg4 47. Rxg7+ Rxg7 48. Qf4 Rb5 49. Qe4+ Kg8 50. Qe8+ Kh7 51. Ra1 Rxc5 52. Qe3 Rd5 53. Qe4+ Kg8 54. Qe8+ Kh7 55. Qe4+ Rg6 56. Qe7+ Rg7 1/2-1/2

[Event "26. Offene Hamburger SEM 2019 65+"]
[Site "Hamburg"]
[Date "2019.11.17"]
[Round "7.2"]
[White "Kreutzkamp, Hans-Rudolf"]
[Black "Ditmas, Hugh"]
[Result "1/2-1/2"]
[WhiteElo "1948"]
[BlackElo "1888"]
[PlyCount "95"]
[EventDate "2019.??.??"]
[WhiteTeam "SK Union Eimsbuettel eV"]
[BlackTeam "Bremer SG von 1877"]

{[%evp 0,68,19,28,40,25,18,8,37,-38,-19,-12,-16,-16,-19,-33,-13,-29,-21,-26,-31,-11,-9,-25,-41,-48,-31,-41,-52,-45,24,24,31,-43,-40,-30,-18,-27,-17,-68,-57,-55,-42,-42,-34,-36,-32,-42,-14,-5,-21,-19,-4,-42,-5,0,47,49,49,46,64,37,88,95,108,131,96,64,74,52,49]} 1. e4 c5 2. c4 Nc6 3. Nc3 g6 4. f4 Bg7 5. Nf3 d6 6. Be2 Nf6 7. O-O O-O 8. d3 a6 9. Kh1 Rb8 10. Be3 b5 11. Qd2 b4 12. Nd1 Bb7 13. h3 Qc7 14. f5 Nd7 15. Bh6 Nde5 16. Nh2 Nd4 17. Bxg7 Kxg7 18. Ne3 f6 19. h4 Kh8 20. fxg6 Nxg6 21. Bh5 Ne5 22. Nhg4 Nxg4 23. Nxg4 Nc6 24. Nh6 Ne5 25. Rf4 Bc8 26. g4 Be6 27. Raf1 Ng6 28. Bxg6 hxg6 29. R4f2 Kg7 30. g5 Bh3 31. Rg1 Qd7 32. h5 f5 33. exf5 Bxf5 34. Rgf1 e6 35. Nxf5+ exf5 36. h6+ Kh7 37. Re1 Rfe8 38. Rfe2 Qc6+ 39. Kg1 Qc7 40. b3 Re5 41. d4 cxd4 42. Qxd4 Rxe2 43. Rxe2 Rf8 44. Rd2 Qe7 45. Re2 Qxg5+ 46. Kf1 Qf6 47. Qd5 Kxh6 48. Re6 1/2-1/2

[Event "26. Offene Hamburger SEM 2019 65+"]
[Site "Hamburg"]
[Date "2019.11.17"]
[Round "7.3"]
[White "Szenetra, Werner"]
[Black "Kornrumpf, Joachim"]
[Result "1-0"]
[WhiteElo "2133"]
[BlackElo "2054"]
[PlyCount "145"]
[EventDate "2019.??.??"]
[WhiteTeam "SV Berenbostel"]
[BlackTeam "Preetzer TSV"]

{[%evp 0,55,32,26,29,-26,9,19,32,18,22,17,17,15,22,12,14,-16,-14,-21,-27,-24,-24,-25,-17,-27,26,-4,8,10,16,9,27,49,46,56,72,66,43,44,39,37,46,41,47,58,74,67,67,73,89,-3,17,17,17,17,17,17]} 1. Nf3 Nf6 2. d3 c5 3. e4 d6 4. g3 g6 5. Bg2 Bg7 6. O-O O-O 7. Re1 Nc6 8. c3 Rb8 9. h3 Bd7 10. Be3 Qc8 11. Kh2 b5 12. Nbd2 a5 13. Rc1 b4 14. d4 bxc3 15. bxc3 cxd4 16. cxd4 Qa6 17. Bf1 Qa8 18. d5 Nb4 19. a3 Na6 20. Nc4 Nc5 21. Bxc5 dxc5 22. Nfe5 Rfc8 23. Bg2 Be8 24. Qd2 a4 25. Nc6 Bxc6 26. dxc6 Rd8 27. Qa2 Qxc6 28. e5 Nd5 29. Na5 Qb5 30. Bxd5 Qxa5 31. Bxf7+ Kh8 32. Re2 Rd4 33. Qc2 Rc8 34. Be6 Rc6 35. Bc4 Bh6 36. Rb1 Rc8 37. Rb5 Qa7 38. Qc3 Bg7 39. f4 Rd1 40. Rd2 Rxd2+ 41. Qxd2 Qc7 42. Qg2 Qd8 43. Qd5 Qxd5 44. Bxd5 Bf8 45. Bc4 Rd8 46. Ra5 Rd2+ 47. Kg1 Rd1+ 48. Kf2 Rd2+ 49. Ke3 Rh2 50. Be6 Rc2 51. Rxa4 Rc3+ 52. Kf2 Rc2+ 53. Kf3 Rc3+ 54. Kg4 h5+ 55. Kh4 Rf3 56. Ra8 Kg7 57. a4 g5+ 58. Kxg5 Rxg3+ 59. Kxh5 c4 60. Kh4 Rf3 61. Kg4 Rf1 62. Bxc4 Rg1+ 63. Kf3 Rc1 64. Be6 Rf1+ 65. Ke4 Re1+ 66. Kf5 Rh1 67. a5 Rxh3 68. a6 Ra3 69. a7 Ra5 70. Kg5 Ra6 71. f5 Ra5 72. Bd5 Rxd5 73. Rxf8 1-0

[Event "26. Offene Hamburger SEM 2019 65+"]
[Site "Hamburg"]
[Date "2019.11.17"]
[Round "7.4"]
[White "Hawranke, Dietrich"]
[Black "Gollasch, Theo-Heinz"]
[Result "1/2-1/2"]
[WhiteElo "2044"]
[BlackElo "1944"]
[PlyCount "117"]
[EventDate "2019.??.??"]
[WhiteTeam "Pinneberg SC 1932 eV"]
[BlackTeam "Hamburger SK von 1830 eV"]

{[%evp 0,96,19,31,32,-10,-10,-10,-2,6,53,46,35,42,44,43,39,36,35,40,48,29,54,22,26,26,13,17,42,13,4,4,-10,-8,-1,-33,7,-9,19,25,20,25,57,57,51,52,51,38,57,29,38,49,58,44,45,45,39,38,38,31,42,42,42,41,36,28,49,26,32,0,0,0,0,0,0,-6,-50,-50,-50,-64,-72,-87,-87,-82,-87,-84,-48,-48,-48,-48,-17,-98,-98,-84,-58,-216,-84,-84,0]} 1. d4 d5 2. c4 e6 3. Nf3 Nf6 4. Nc3 b6 5. Bg5 Be7 6. e3 O-O 7. Rc1 Bb7 8. cxd5 Nxd5 9. Bxe7 Qxe7 10. Bd3 Na6 11. O-O Nxc3 12. bxc3 c5 13. Ne5 cxd4 14. cxd4 Nb4 15. Bb1 Rfc8 16. Qh5 g6 17. Qh6 Qf8 18. Qh4 f5 19. Nd7 Qg7 20. Ne5 Nd5 21. Bd3 Qe7 22. Qh6 Qg7 23. Qg5 Qf6 24. h4 Qxg5 25. hxg5 Kg7 26. Rfe1 Rxc1 27. Rxc1 Rc8 28. Rxc8 Bxc8 29. Kf1 h6 30. gxh6+ Kxh6 31. Bc4 Bb7 32. Ke2 g5 33. f3 Kg7 34. Bxd5 Bxd5 35. a3 Kf6 36. Kd3 Bb7 37. Kc4 Ba6+ 38. Kb4 f4 39. e4 Bf1 40. Kc3 Bxg2 41. Kd2 Bf1 42. a4 b5 43. Ke1 Bc4 44. Kd2 a6 45. Kc3 Be2 46. Kd2 Bf1 47. Kc1 Bc4 48. Kd2 Ba2 49. axb5 axb5 50. Kc3 Bc4 51. Nxc4 bxc4 52. Kxc4 g4 53. fxg4 Kg5 54. Kd3 Kxg4 55. Ke2 f3+ 56. Kf2 Kf4 57. d5 exd5 58. exd5 Ke5 59. Kxf3 1/2-1/2

[Event "26. Offene Hamburger SEM 2019 65+"]
[Site "Hamburg"]
[Date "2019.11.17"]
[Round "7.5"]
[White "Strampfer, Jens"]
[Black "Porth, Hartmut"]
[Result "1-0"]
[Annotator "DATA"]
[WhiteElo "1926"]
[BlackElo "1990"]
[PlyCount "83"]
[EventDate "2019.??.??"]
[WhiteTeam "SC Roesselsprung eV"]
[BlackTeam "SV Bargteheide"]

{[%evp 0,83,32,-17,-15,-37,-11,-26,-17,-28,-3,-27,-8,-12,-12,-123,-109,-107,-78,-56,-55,-75,-75,-72,2,-165,-90,-561,-102,-254,-177,-171,-35,-75,74,48,40,49,69,35,39,-5,22,21,38,37,369,303,298,298,321,223,223,223,227,223,289,283,279,198,325,224,322,253,256,209,346,229,241,222,259,246,279,279,279,279,942,695,710,256,358,357,1018,383,396,396]} 1. b3 e5 2. Bb2 Nc6 3. e3 Nf6 4. Bb5 e4 5. d4 a6 6. Bxc6 dxc6 7. f4 Bg4 8. Qd2 Nd5 9. a3 Qh4+ 10. g3 Qh5 11. c4 Ne7 12. Qc2 Nf5 13. Kf2 O-O-O 14. Nc3 c5 15. d5 Nd6 16. h3 Bd7 17. Nxe4 Nxe4+ 18. Qxe4 Bf5 19. Qf3 Qg6 20. Rh2 Bc2 21. Rc1 Bxb3 22. e4 b5 23. Qxb3 Qxe4 24. Nf3 bxc4 25. Qxc4 Qxc4 26. Rxc4 Rxd5 27. Rh1 Rd3 28. Re1 Bd6 29. Re3 Rd1 30. Be5 Kd7 31. Ke2 Rh1 32. Ra4 Rb1 33. h4 f6 34. Bc3 Rb6 35. Nd2 Kc6 36. Nc4 Rb1 37. Nxd6 Rb2+ 38. Kf3 cxd6 39. Rxa6+ Kb5 40. Rxd6 f5 41. Re2 Rxe2 42. Kxe2 {Rest der Partie nicht lesbar} 1-0

[Event "26. Offene Hamburger SEM 2019 65+"]
[Site "Hamburg"]
[Date "2019.11.17"]
[Round "7.7"]
[White "Tscherepanov, Leon"]
[Black "Stuhlmann, Alexander"]
[Result "0-1"]
[Annotator "DATA"]
[WhiteElo "1732"]
[BlackElo "1759"]
[PlyCount "80"]
[EventDate "2019.??.??"]
[WhiteTeam "Hamburger SK von 1830 eV"]
[BlackTeam "SK Johanneum Eppendorf"]

{[%evp 0,79,19,31,25,-16,-12,-11,24,-16,20,9,24,28,28,3,17,25,30,20,20,28,20,16,16,16,22,14,10,7,10,2,14,3,17,-4,3,3,1,1,0,6,11,11,11,11,11,13,18,6,17,0,43,28,28,28,15,-16,0,-234,253,-262,-256,-336,-360,-337,-329,-355,-329,-387,-366,-383,-350,-362,-370,-377,-308,-526,-533,-511,-536,-558]} 1. d4 Nf6 2. c4 e6 3. Nc3 b6 4. Bg5 Bb7 5. e3 Be7 6. Nf3 O-O 7. Qc2 d5 8. cxd5 Nxd5 9. Bxe7 Qxe7 10. Nxd5 exd5 11. Bd3 g6 12. O-O c5 13. b3 Nc6 14. Qb2 Rac8 15. Rac1 Rfd8 16. Be2 Rc7 17. Rc3 Rdc8 18. Rfc1 cxd4 19. exd4 Qd6 20. Qd2 Ne7 21. Rxc7 Rxc7 22. Rxc7 Qxc7 23. Bd3 Qd6 24. h3 Qf6 25. Qh6 Bc8 26. Ng5 Qg7 27. Qh4 Bf5 28. Be2 Nc6 29. Bf3 h6 (29... a6 30. Nxf7 Qxf7 31. Qh6 Nxd4 32. Bd1 Qe6 33. Qd2 Qe5 34. Kf1 Qe4 35. f3 Qd3+ 36. Qxd3 Bxd3+ 37. Kf2 Bc2 38. Ke3 Nf5+ 39. Kd2 Bxd1 40. Kxd1) 30. Nxf7 Qxf7 31. Qxh6 Nxd4 32. Bd1 Qe6 33. Qd2 Qe5 34. Kf1 Qe4 35. f3 Qd3+ 36. Qxd3 Bxd3+ 37. Kf2 Bc2 38. Ke3 Nf5+ 39. Kd2 Bxd1 40. Kxd1 Ne3+ 0-1

[Event "26. Offene Hamburger SEM 2019 65+"]
[Site "Hamburg"]
[Date "2019.11.17"]
[Round "7.8"]
[White "Villing, Dieter"]
[Black "Frackowiak, Stanislaw"]
[Result "1-0"]
[WhiteElo "1956"]
[BlackElo "1550"]
[PlyCount "79"]
[EventDate "2019.??.??"]
[WhiteTeam "SK 1912 Ludwigshafen"]
[BlackTeam "Hamburger SK von 1830 eV"]

{[%evp 0,73,19,31,40,50,46,36,16,13,26,31,51,41,71,62,45,62,53,48,59,51,105,-3,-3,16,165,163,153,111,122,110,163,174,162,168,162,153,169,153,147,174,156,166,171,170,182,141,143,148,133,90,95,98,90,102,152,58,59,80,156,156,190,118,29993,160,29995,-29995,-85,-29995,217,49,272,279,282,290]} 1. e4 c5 2. Nf3 Nc6 3. d4 cxd4 4. Nxd4 Nf6 5. Nc3 e6 6. a3 a6 7. Nxc6 bxc6 8. e5 Nd5 9. Ne4 Qc7 10. f4 Be7 11. Nd6+ Bxd6 12. exd6 Qxd6 13. c4 O-O 14. cxd5 exd5 15. Be2 a5 16. O-O Ba6 17. Bxa6 Rxa6 18. Qd3 Raa8 19. f5 f6 20. Bf4 Qc5+ 21. Be3 Qd6 22. Rac1 Qb8 23. b4 axb4 24. axb4 Re8 25. b5 Qxb5 26. Qxb5 cxb5 27. Bf4 Re2 28. Rc5 b4 29. Rxd5 Ra7 30. Rb5 Raa2 31. Bd6 Rac2 32. Rxb4 Ra2 33. Rbf4 Rad2 34. Bb4 Rc2 35. Re1 h5 36. Rxe2 Rxe2 37. Rh4 Re5 38. Rxh5 g6 39. Rh6 Kg7 40. Rxg6+ 1-0

[Event "26. Offene Hamburger SEM 2019 65+"]
[Site "Hamburg"]
[Date "2019.11.17"]
[Round "7.9"]
[White "Raedisch, Peter"]
[Black "Krotofil, Kurt"]
[Result "0-1"]
[WhiteElo "1477"]
[BlackElo "1756"]
[PlyCount "146"]
[EventDate "2019.??.??"]
[WhiteTeam "SF Hamburg eV 1934"]
[BlackTeam "Niendorfer TSV 1919 SAbt"]

{[%evp 0,84,19,28,58,66,43,8,51,0,8,25,48,5,35,5,-8,-28,-19,-39,-19,-30,-25,-78,-33,-34,-35,-49,-50,-61,-43,-47,-40,-38,-26,-50,0,2,6,5,10,-31,-25,-13,-21,-60,-45,-184,-184,-175,-174,-171,-168,-162,-181,-214,-233,-221,-220,-226,-198,-195,-190,-226,-197,-277,-294,-292,-273,-363,-312,-312,-289,-307,-293,-319,-207,-307,-313,-365,-199,-326,-290,-313,-223,-223,-223]} 1. e4 c5 2. Nf3 Nc6 3. c3 d6 4. Bc4 e6 5. d4 cxd4 6. Nxd4 Be7 7. O-O Nf6 8. f3 O-O 9. Kh1 a6 10. a4 Qc7 11. Ba2 Rd8 12. Be3 d5 13. Nxc6 bxc6 14. Qc2 a5 15. Nd2 Ba6 16. Rfe1 dxe4 17. Nxe4 Bd3 18. Nxf6+ Bxf6 19. Qf2 Rab8 20. Bb1 Qb7 21. Bxd3 Rxd3 22. Re2 Qb3 23. Bc1 Rd1+ 24. Re1 Rxe1+ 25. Qxe1 Rd8 26. Be3 Qxb2 27. Bd4 Bxd4 28. cxd4 Qxd4 29. h3 Qb4 30. Qe5 Qd4 31. Qe1 c5 32. Qf1 c4 33. Rc1 c3 34. Qb5 Qd2 35. Qb1 Rc8 36. Rc2 Qd3 37. Qb3 Qc4 38. Qb7 g6 39. Qd7 Qc6 40. Qd4 Qc7 41. Qd3 Rd8 42. Rxc3 Rxd3 43. Rxc7 Rd4 44. Kh2 Rxa4 45. Kg3 Ra2 46. Ra7 e5 47. h4 a4 48. Kh3 h5 49. g4 hxg4+ 50. Kxg4 a3 51. Kg5 Kg7 52. h5 gxh5 53. Kxh5 Ra1 54. Kg5 a2 55. Kf5 Kf8 56. Kf6 Ke8 57. Re7+ Kd8 58. Ra7 Kc8 59. Kxf7 Kb8 60. Ra3 Kc7 61. Ke6 Kc6 62. Ra8 Kc5 63. Ra7 Kd4 64. Ra5 Ke3 65. Kxe5 Kxf3 66. Kf5 Ke3 67. Ke5 Kd3 68. Kd5 Kc3 69. Kc5 Kb3 70. Kb5 Rb1 71. Kc6 a1=Q 72. Rb5+ Kc4 73. Rc5+ Kd4 0-1

[Event "26. Offene Hamburger SEM 2019 65+"]
[Site "Hamburg"]
[Date "2019.11.17"]
[Round "7.10"]
[White "Chmielewski, Axel"]
[Black "Heitsch, Karl-Wilhelm"]
[Result "1-0"]
[Annotator "DATA"]
[WhiteElo "1746"]
[BlackElo "1492"]
[PlyCount "42"]
[EventDate "2019.??.??"]
[WhiteTeam "Volksdorfer SK 1948"]

{[%evp 0,21,32,25,38,-11,66,66,66,66,66,76,117,101,119,83,83,30,40,27,34,34,63,29]} 1. d4 e6 2. c4 c5 3. d5 exd5 4. cxd5 (4. Nc3 d6) 4... d6 5. Nc3 g6 6. e4 Bg7 7. Bb5+ Nd7 8. a4 a6 9. Be2 Ne7 10. Nf3 O-O 11. O-O f5 12. Ng5 Nf6 13. Bc4 h6 14. e5 hxg5 15. exf6 Bxf6 16. Be2 (16. Qe2) (16. Qd3) (16. Bd3 b6 17. g3 Kg7 18. Qd2 Ng8 19. Ne2 f4 20. gxf4 Bh3 21. Re1 Qd7 22. Ng3 gxf4 23. Qxf4 Rad8 24. Be3 b5 25. axb5 axb5 26. Be2 Rfe8 27. Ra5 Rb8 28. Rea1 Rb7 29. Bf3 (29. Qf3) 29... Qc7 30. Ne4 Bf5 31. Ng3 Bh3 (31... Bc2 32. Ne4) (31... Be7 32. Ra6 Bc2) (31... Bd7 32. Ra6) 32. Ra6) 16... b6 17. g3 Kg7 18. Qd2 Ng8 19. Nd1 f4 20. gxf4 Bh3 21. Re1 Qd7 {Rest der Partie nicht lesbar} 1-0

[Event "26. Offene Hamburger SEM 2019 65+"]
[Site "Hamburg"]
[Date "2019.11.17"]
[Round "7.11"]
[White "Keunecke, Hanno"]
[Black "Eberhardt, Michael"]
[Result "0-1"]
[WhiteElo "1675"]
[BlackElo "1487"]
[PlyCount "50"]
[EventDate "2019.??.??"]
[WhiteTeam "Langenhorner SF 1928"]
[BlackTeam "SC Agon Neumuenster"]

{[%evp 0,50,19,28,51,40,48,56,81,90,93,44,67,57,57,49,51,54,65,-25,-27,-32,-43,-50,8,-51,-34,-70,-49,-140,-60,-84,-77,-57,-44,-26,9,-44,-12,-106,32,45,32,0,0,0,0,-48,-46,-337,-337,-337,-323]} 1. e4 d5 2. exd5 Nf6 3. d4 Bg4 4. f3 Bf5 5. g4 Bg6 6. c4 e6 7. Nc3 exd5 8. g5 Nh5 9. Qe2+ Be7 10. Nxd5 Nc6 11. Nxe7 Nxe7 12. Be3 O-O 13. O-O-O Nf5 14. Qf2 Nxe3 15. Qxe3 Re8 16. Qd2 Qd6 17. Ne2 Bf5 18. Bg2 Rad8 19. h4 Ng3 20. Nxg3 Qxg3 21. h5 Qd6 22. Rhe1 Qa6 23. Rxe8+ Rxe8 24. b3 Qa3+ 25. Qb2 Qxb2+ 0-1

[Event "26. Offene Hamburger SEM 2019 65+"]
[Site "Hamburg"]
[Date "2019.11.17"]
[Round "7.12"]
[White "Werner, Joern"]
[Black "Marquardt, Rolf"]
[Result "0-1"]
[WhiteElo "1560"]
[BlackElo "1632"]
[PlyCount "82"]
[EventDate "2019.??.??"]
[WhiteTeam "SK Wilhelmsburg 1936 eV"]
[BlackTeam "Langenhorner SF 1928"]

{[%evp 0,75,19,31,40,30,23,32,38,25,25,25,51,23,23,9,9,-18,-6,-4,-15,-27,-36,-43,-36,-37,-37,-37,-8,-33,-12,-139,-6,0,49,31,42,7,16,18,10,0,0,-24,-21,-112,-38,-38,-38,-41,-19,-42,-27,-20,-12,-31,-19,-71,-71,-56,-52,-62,-66,-76,-47,-64,-64,-143,-107,-141,-146,-264,-264,-264,-251,-243,-230,-230]} 1. e4 e6 2. d4 d5 3. exd5 exd5 4. Nf3 Bd6 5. Nc3 c6 6. Bg5 f6 7. Be3 Ne7 8. h3 O-O 9. Bd3 Bf5 10. Ne2 Qc7 11. Qd2 Re8 12. O-O Nd7 13. Rfe1 Nf8 14. Rac1 Nfg6 15. a3 Bxd3 16. Qxd3 Nf4 17. Nxf4 Bxf4 18. Re2 Ng6 19. Rce1 Qd7 20. Qd2 Bd6 21. c3 Re6 22. h4 Rae8 23. h5 Nf8 24. Qd3 Re4 25. Bd2 Rxe2 26. Rxe2 Rxe2 27. Qxe2 Qf5 28. Nh4 Qb1+ 29. Be1 Kf7 30. g3 Ne6 31. Kg2 Ng5 32. f3 Ne6 33. Bf2 Bf4 34. Kh2 Bc1 35. c4 Qxb2 36. Qxb2 Bxb2 37. cxd5 cxd5 38. a4 Bxd4 39. Kg2 Bxf2 40. Kxf2 a5 41. Nf5 Nc5 0-1

[Event "26. Offene Hamburger SEM 2019 65+"]
[Site "Hamburg"]
[Date "2019.11.17"]
[Round "7.13"]
[White "Wilke, Wolfgang"]
[Black "Kaiser, Guenther"]
[Result "1-0"]
[Annotator "DATA"]
[WhiteElo "1605"]
[BlackElo "1456"]
[PlyCount "107"]
[EventDate "2019.??.??"]
[WhiteTeam "SV Grosshansdorf"]
[BlackTeam "SK Union Eimsbuettel eV"]

{[%evp 0,80,16,32,57,17,17,-14,33,33,33,-34,-34,-34,-34,-59,-40,-41,-9,-2,-2,-27,-22,-21,-23,-15,-13,-27,-32,-86,-13,-43,-52,-34,-8,-47,-46,-33,-33,-55,-63,-74,20,-95,-6,-16,9,4,165,165,261,408,606,660,29993,486,521,564,572,283,275,263,263,268,291,306,285,258,256,259,268,258,252,258,294,22,140,158,381,386,389,389,389]} 1. e4 Nf6 2. Nc3 e5 3. a3 d5 4. exd5 Nxd5 5. Nxd5 Qxd5 6. d3 Nc6 7. Be3 Be6 8. Ne2 a6 9. Nc3 Qd7 10. Be2 f5 11. Bf3 Bd6 12. O-O O-O-O 13. b4 Nd4 14. Be2 f4 15. Bd2 g5 16. Ne4 Rdf8 17. f3 Nxe2+ 18. Qxe2 g4 19. fxg4 Bxg4 20. Qf2 b6 21. c4 Bf5 22. Bc3 Bxe4 23. dxe4 a5 24. c5 axb4 25. axb4 bxc5 26. bxc5 Be7 27. Bxe5 Qc6 28. Bxh8 Rxh8 29. Qc2 Qxc5+ 30. Qxc5 Bxc5+ 31. Kh1 Kd7 32. Rxf4 Bd4 33. Rf7+ Ke6 34. Raf1 c5 35. Rf8 Rxf8 36. Rxf8 c4 37. Re8+ Kd7 38. Ra8 c3 39. Ra4 h5 (39... Be5 40. Rc4 Ke6) 40. Rc4 (40. e5) 40... Be5 (40... Ke6 41. g3 Kf6 42. h3 Kg5 43. Kg2 Kf6 44. g4 hxg4 45. hxg4 Ke6) 41. g3 Ke6 42. Kg2 Kf6 43. Kf3 Kg5 44. h3 Kf6 45. g4 hxg4+ 46. Kxg4 Ke6 47. h4 Bf6 48. h5 Bg7 49. Rc5 Kd6 50. Rc4 Ke6 51. Kg5 Bf6+ 52. Kg6 Be5 53. h6 Kd6 54. Kf7 1-0

[Event "26. Offene Hamburger SEM 2019 65+"]
[Site "Hamburg"]
[Date "2019.11.17"]
[Round "7.14"]
[White "Duemmke, Juergen"]
[Black "Schulz, Wolfgang"]
[Result "1-0"]
[WhiteElo "1831"]
[BlackElo "1907"]
[PlyCount "85"]
[EventDate "2019.??.??"]
[WhiteTeam "SV Grosshansdorf"]
[BlackTeam "Hamburger SK von 1830 eV"]

{[%evp 0,85,19,29,14,21,12,19,33,-36,-37,-20,6,-9,-17,-117,51,36,67,59,72,71,79,21,174,143,143,145,186,188,215,230,230,146,201,101,101,101,133,127,127,127,141,154,161,174,177,184,240,244,234,245,245,245,245,228,276,279,271,271,260,268,278,260,294,217,229,230,242,315,406,258,266,228,284,250,342,223,226,233,421,422,566,587,1075,1182,1191,1188]} 1. e4 e5 2. Nf3 Nc6 3. d4 exd4 4. Bc4 Nf6 5. Ng5 d5 6. exd5 Na5 7. O-O Be7 8. d6 Nxc4 9. dxe7 Qd5 10. b3 Ne5 11. c4 dxc3 12. Nxc3 Qxd1 13. Rxd1 Bg4 14. f3 h6 15. fxg4 hxg5 16. Bxg5 Nfd7 17. h3 f6 18. Bf4 Kxe7 19. Nd5+ Kf7 20. Nxc7 Rac8 21. Nb5 Rc5 22. Nd6+ Ke6 23. Nxb7 Rd5 24. Rxd5 Kxd5 25. Rd1+ Ke6 26. Rd6+ Ke7 27. Ra6 g5 28. Bc1 Ra8 29. Ba3+ Kf7 30. Nd6+ Kg6 31. Nb5 Rc8 32. Nd4 Rc7 33. Kh2 Nb6 34. Bd6 Rd7 35. Nf5 Kf7 36. a4 Nc8 37. a5 Ke6 38. Bxe5+ Kxe5 39. Rc6 Rd8 40. b4 Nd6 41. Nxd6 Rxd6 42. Rxd6 Kxd6 43. g3 1-0

[Event "26. Offene Hamburger SEM 2019 65+"]
[Site "Hamburg"]
[Date "2019.11.17"]
[Round "7.15"]
[White "Behrensen, Joern"]
[Black "Schmeichel, Wolfgang"]
[Result "1/2-1/2"]
[WhiteElo "1544"]
[BlackElo "1563"]
[PlyCount "84"]
[EventDate "2019.??.??"]
[WhiteTeam "Hamburger SK von 1830 eV"]
[BlackTeam "SF Wedel eV"]

{[%evp 0,84,19,31,83,46,53,2,29,-8,0,-42,-40,-89,-61,-59,-24,-47,-37,-32,-3,-47,-41,-35,-35,-38,-34,-47,-85,-82,-58,-68,-58,-138,-138,-118,23,14,16,0,32,-98,-117,-117,-102,-96,-101,-85,-98,-105,-116,-112,-137,-137,73,93,93,93,93,50,67,74,122,107,123,123,125,125,136,131,138,134,211,131,256,0,0,-133,-133,-133,-148,-314,-169,-181,-162,-124,-124]} 1. d4 c5 2. Nf3 cxd4 3. Nxd4 e5 4. Nb3 d5 5. e3 Nf6 6. g3 Bg4 7. f3 Bd7 8. Bg2 Bb4+ 9. Bd2 Bxd2+ 10. N1xd2 O-O 11. O-O Qb6 12. Re1 Nc6 13. a3 a5 14. c4 Be6 15. c5 Qc7 16. Rc1 a4 17. Na1 Na5 18. Qxa4 d4 19. exd4 Nb3 20. Qb4 Nxc1 21. Rxc1 Nd5 22. Qb5 exd4 23. f4 Ra5 24. Qd3 Rxc5 25. Rxc5 Qxc5 26. Nab3 Qb6 27. f5 Bxf5 28. Qxf5 Ne3 29. Qe4 Nxg2 30. Kxg2 Qd8 31. Qd3 Qc7 32. Nf3 Re8 33. Nbxd4 Qd6 34. h4 Rc8 35. Qe4 Qa6 36. Nf5 Kh8 37. Nxg7 Rc1 38. Ne1 Kxg7 39. Qd4+ Qf6 40. Qd2 Qc6+ 41. Kh2 Qc5 42. b4 Qc7 1/2-1/2

[Event "26. Offene Hamburger SEM 2019 65+"]
[Site "Hamburg"]
[Date "2019.11.17"]
[Round "7.16"]
[White "Wichmann, Dieter"]
[Black "Geissler, Karl-Heinz"]
[Result "1/2-1/2"]
[WhiteElo "1458"]
[BlackElo "1504"]
[PlyCount "47"]
[EventDate "2019.??.??"]
[WhiteTeam "Hamburger SK von 1830 eV"]
[BlackTeam "Mummelmannsberger SV"]

{[%evp 0,47,19,31,25,31,30,27,51,40,34,27,27,27,26,16,41,29,8,6,6,6,15,3,14,-7,12,-4,8,9,6,-5,3,2,28,29,29,-11,5,-12,4,-8,-9,-9,10,13,14,14,25,23]} 1. d4 Nf6 2. Bf4 e6 3. e3 b6 4. Nf3 Bb7 5. Bd3 Be7 6. h3 O-O 7. Nbd2 c5 8. c3 d5 9. O-O Nbd7 10. Re1 Ne4 11. Qc2 f5 12. Ne5 g5 13. Nxd7 Qxd7 14. Be5 c4 15. Be2 Nxd2 16. Qxd2 Bd6 17. Bxd6 Qxd6 18. Bf3 Rae8 19. g3 Re7 20. Bh5 Rg7 21. Qe2 e5 22. dxe5 Qxe5 23. Rad1 Rf6 24. Rd4 1/2-1/2